000
00207 a2200097 4500
001
48925
100
_a
ABI
245
_a
White Paper 1990 Intakhabat
260
_a
Lahore
_b
jang Pub
_c
090
_c
31817
_d
31817
942
_a
NUST-CAE
_c
M
_c
24244
999
_c
283998
_d
283998